Logo BPK

Biblioteka

Politechniki Koszalińskiej

Rób biznes / (Rekord nr 6055)

Szczegóły MARC
000 -ETYKIETA REKORDU
podpole kontrolne o stałej długości 00555nam a2200205 i 4500
001 - NUMER KONTROLNY REKORDU
pole kontrolne bg
020 ## - MIĘDZYNARODOWY ZNORMALIZOWANY NUMER KSIĄŻKI - ISBN
ISBN 8390040018
040 ## - ŹRÓDŁO KATALOGOWANIA
Instytucja, która utworzyła rekord BPK
041 ## - KOD JĘZYKA
Kod języka tekstu pol
080 ## - UNIWERSALNA KLASYFIKACJA DZIESIĘTNA - UKD
UKD 65.01:657:658.1/.5
920 ## - Międzynarodowy znormalizowany numer książki – ISBN
ISBN 83-900400-1-8
008 - POLE O STAŁEJ DŁUGOŚCI - DANE KONTROLNE
podpole kontrolne o stałej długości s pl f |000 0 pol
100 1# - NAZWA OSOBOWA
Nazwa osobowa MORROW, Jeffrey
245 #0 - TYTUŁ/ODPOWIEDZIALNOŚĆ
Tytuł Rób biznes /
Pozostałe elementy strefy tytułu i oznaczenia odpowiedzialności Jeffrey Morrow ; [zespół tłumaczy Marta Sienicka et al.].
250 ## - STREFA WYDANIA
Oznaczenie wydania [Wyd. 2].
260 ## - STREFA ADRESU WYDAWNICZEGO
Miejsce wydania Warszawa :
Nazwa wydawcy/dystrybutora Morrow a. Comp.,
Data publikacji, dystrybucji/powstania dokumentu 1992.
300 ## - STREFA OPISU FIZYCZNEGO
Objętość 291 s. :
Inne cechy fizyczne rys., wykr. ;
Rozmiary 25 cm.
500 ## - UWAGI OGÓLNE
Tekst uwagi Wersja ang.-pol.
856 ## - LOKALIZACJA I DOSTĘP DO ELEKTRONICZNYCH DOKUMENTÓW ZDALNYCH
Link (URL) http://koha.tu.koszalin.pl/cgi-bin/koha/opac-detail.pl?biblionumber=6055
Tekst linku Katalog online BPK
942 ## - DODATKOWE ELEMENTY (KOHA)
Typ dokumentu Książka
Egzemplarze
Wycofany Status egzemplarza Uszkodzony Dostępność Lokalizacja stała Lokalizacja bieżąca Miejsce przechowywania Sygnatura Kod kreskowy Typ dokumentu
      Dostępny Biblioteka Politechniki Koszalińskiej Biblioteka Politechniki Koszalińskiej Wypożyczalnia BG P 46229 01289060 Książka
© 2023 Biblioteka Politechniki Koszalińskiej :: KOHA